[Event "Auckland Stuart Memorial op"]
[Site "Auckland"]
[Date "2022.06.25"]
[Round "4"]
[White "Yu, Zachary"]
[Black "Burns, Christopher John"]
[Result "1-0"]
[WhiteElo "1588"]
[BlackElo "1955"]
[PlyCount "81"]
[EventDate "2022.06.24"]
[EventType "swiss"]
[EventRounds "6"]
[EventCountry "NZL"]
[SourceTitle "EXT 2024"]
[Source "ChessBase"]
[SourceDate "2023.10.10"]
[SourceVersion "1"]
[SourceVersionDate "2023.10.10"]
[SourceQuality "1"]

1. d4 d5 2. c4 dxc4 3. Nf3 Nf6 4. e3 Bg4 5. h3 Bh5 6. Bxc4 e6 7. 0-0 Nbd7 8. b3 c5 9. Bb2 Be7 10. Nbd2 0-0 11. Rc1 cxd4 12. exd4 Rc8 13. Re1 Nb6 14. Be2 Qd6 15. Ne5 Rxc1 16. Qxc1 Bxe2 17. Rxe2 Rc8 18. Ndc4 Qd8 19. Rc2 Nbd5 20. Nxf7 Qf8 21. Nce5 Rxc2 22. Qxc2 Qb8 23. Ng5 Nb4 24. Qc4 Nfd5 25. Nxe6 b5 26. Qe2 Nxa2 27. Qh5 Bf6 28. Nd7 Qa8 29. Ndc5 Nab4 30. Bc1 a5 31. Bg5 a4 32. bxa4 bxa4 33. Bxf6 Nxf6 34. Qg5 Ne8 35. Qe7 h6 36. Qf8+ Kh7 37. Qf5+ Kh8 38. Nd7 Nd5 39. Nef8 Nef6 40. Ng6+ Kh7 41. Ndf8+ 1-0

[Event "North Island-ch"]
[Site "Palmerston North"]
[Date "2016.10.05"]
[Round "5"]
[White "Cilia Vincenti, David"]
[Black "Burns, Christopher John"]
[Result "0-1"]
[WhiteElo "2056"]
[BlackElo "1973"]
[PlyCount "62"]
[EventDate "2016.10.03"]
[EventType "swiss"]
[EventRounds "9"]
[EventCountry "NZL"]
[SourceTitle "EXT 2018"]
[Source "ChessBase"]
[SourceDate "2017.10.13"]
[SourceVersion "1"]
[SourceVersionDate "2017.10.13"]
[SourceQuality "1"]

1. d4 d5 2. c4 dxc4 3. Nf3 a6 4. e3 b5 5. a4 Bb7 6. b3 e6 7. bxc4 bxc4 8. Bxc4 Nf6 9. 0-0 Nbd7 10. Qe2 c5 11. Nc3 cxd4 12. exd4 Bb4 13. Rb1 a5 14. d5 0-0 15. dxe6 Bxf3 16. gxf3 Bxc3 17. e7 Qc7 18. exf8Q+ Rxf8 19. Rb3 Be5 20. f4 Bxf4 21. Bxf4 Qxf4 22. Rf3 Qh4 23. Rg3 Re8 24. Qa2 Ne5 25. Bb5 Rd8 26. Re1 Ne4 27. Qe2 f5 28. Bc4+ Kf8 29. f3 Rd2 30. Qxd2 Nxd2 31. Rxe5 Qd4+ 0-1

[Event "George Trundle Challengers"]
[Site "Auckland"]
[Date "2014.10.01"]
[Round "5"]
[White "Stuart, Peter W"]
[Black "Burns, Christopher John"]
[Result "1-0"]
[WhiteElo "2015"]
[BlackElo "2032"]
[PlyCount "87"]
[EventDate "2014.09.27"]
[EventType "tourn"]
[EventRounds "9"]
[EventCountry "NZL"]
[SourceTitle "EXT 2018"]
[Source "ChessBase"]
[SourceDate "2017.10.13"]
[SourceVersion "1"]
[SourceVersionDate "2017.10.13"]
[SourceQuality "1"]

1. c4 Nf6 2. Nc3 c6 3. Nf3 d5 4. cxd5 cxd5 5. d4 Nc6 6. Bf4 e6 7. e3 Be7 8. Bd3 Bd7 9. h3 Rc8 10. 0-0 0-0 11. Qe2 a6 12. Rfc1 Qa5 13. a3 b5 14. b4 Qb6 15. Nd2 Ne8 16. Nb3 Nb8 17. Nc5 Nd6 18. Bxd6 Bxd6 19. a4 bxa4 20. N3xa4 Bxa4 21. Rxa4 Rc7 22. Rca1 Rc6 23. Bxa6 Rd8 24. Bb5 Rc7 25. Ra8 g6 26. R1a6 Nxa6 27. Rxd8+ Kg7 28. Bxa6 Ra7 29. Rxd6 Qxd6 30. b5 Rc7 31. Qb2 Qb6 32. Qb4 h5 33. h4 Kf6 34. g3 Kf5 35. Kg2 g5 36. Qb1+ Kf6 37. hxg5+ Kxg5 38. Qh7 Kf6 39. Qxh5 Ke7 40. Qh4+ Ke8 41. Qh1 Kd8 42. Qe1 e5 43. Qb4 e4 44. Qb3 1-0

[Event "George Trundle Challengers"]
[Site "Auckland"]
[Date "2014.09.27"]
[Round "1"]
[White "Duneas, John"]
[Black "Burns, Christopher John"]
[Result "0-1"]
[WhiteElo "2057"]
[BlackElo "2032"]
[PlyCount "100"]
[EventDate "2014.09.27"]
[EventType "tourn"]
[EventRounds "9"]
[EventCountry "NZL"]
[SourceTitle "EXT 2018"]
[Source "ChessBase"]
[SourceDate "2017.10.13"]
[SourceVersion "1"]
[SourceVersionDate "2017.10.13"]
[SourceQuality "1"]

1. d4 d5 2. c4 dxc4 3. Nc3 a6 4. a4 Nc6 5. Nf3 Bg4 6. d5 Bxf3 7. exf3 Na5 8. Bf4 Nf6 9. Be2 g6 10. 0-0 Bg7 11. Be5 0-0 12. Ra3 Qd7 13. Qc2 b6 14. Rd1 Rfd8 15. f4 Rac8 16. h3 c6 17. Bxf6 exf6 18. dxc6 Qxc6 19. Bf3 Qe8 20. Nd5 Nb3 21. Nxb6 Rxd1+ 22. Qxd1 Rd8 23. Qe2 Qxe2 24. Bxe2 Bf8 25. Nxc4 Bxa3 26. Nxa3 Nc5 27. b4 Rd2 28. Bc4 Nxa4 29. Bxa6 Nb6 30. Nb5 Nd5 31. g3 Nxb4 32. Bb7 Nd3 33. Nc3 Nxf2 34. Bg2 Nd3 35. Ne4 Rd1+ 36. Bf1 f5 37. Nc3 Rc1 38. Ne2 Ra1 39. Kg2 h5 40. Nc3 Nc5 41. Bb5 Ra3 42. Ne2 Ne4 43. Bc4 Re3 44. Ba6 Kf8 45. Bc4 Ke7 46. Ba6 Kd6 47. Bc4 Kc5 48. Ba6 Kb6 49. Bc4 Nd6 50. Kf2 Nxc4 0-1

[Event "Hamilton Waikato op"]
[Site "Hamilton"]
[Date "2012.08.05"]
[Round "6"]
[White "Pinic, Noel"]
[Black "Burns, Christopher John"]
[Result "1-0"]
[WhiteElo "2086"]
[BlackElo "1994"]
[PlyCount "25"]
[EventDate "2012.08.03"]
[EventType "swiss"]
[EventRounds "6"]
[EventCountry "NZL"]
[SourceTitle "EXT 2018"]
[Source "ChessBase"]
[SourceDate "2017.10.13"]
[SourceVersion "1"]
[SourceVersionDate "2017.10.13"]
[SourceQuality "1"]

1. c4 e5 2. Nc3 g6 3. Nf3 Nc6 4. g3 Nh6 5. d4 exd4 6. Nxd4 Qf6 7. Bxh6 Bxh6 8. Ndb5 0-0 9. Nxc7 Ne5 10. N3d5 Qd6 11. Nxa8 Nxc4 12. Bg2 Nd2 13. e3 1-0

[Event "Queenstown op"]
[Site "Queenstown"]
[Date "2012.01.19"]
[Round "5"]
[White "Millikan, Erlend"]
[Black "Burns, Christopher John"]
[Result "1-0"]
[WhiteElo "1760"]
[BlackElo "2022"]
[PlyCount "61"]
[EventDate "2012.01.15"]
[EventType "swiss"]
[EventRounds "9"]
[EventCountry "NZL"]
[SourceTitle "CBM 146 Extra"]
[Source "ChessBase"]
[SourceDate "2012.02.29"]
[SourceVersion "1"]
[SourceVersionDate "2012.02.29"]
[SourceQuality "1"]

1. d4 d5 2. e3 Nf6 3. Bd3 g6 4. Nd2 Bg7 5. Ngf3 0-0 6. b3 Nc6 7. Ba3 Re8 8. 0-0 e5 9. dxe5 Ng4 10. Rc1 Ncxe5 11. Be2 c6 12. h3 Nxf3+ 13. Nxf3 Nh6 14. c4 Qa5 15. Bd6 Qxa2 16. cxd5 Nf5 17. Bc7 cxd5 18. Bb5 Rf8 19. Qxd5 Be6 20. Qxb7 Bxb3 21. e4 Nd4 22. Nxd4 Bxd4 23. Bd6 Rfd8 24. Bc7 Rdc8 25. Bd7 Rf8 26. Bd6 Rfd8 27. Be7 Rdb8 28. Rc8+ Rxc8 29. Bxc8 Rxc8 30. Qxc8+ Kg7 31. Qf8# 1-0

[Event "North Island-ch"]
[Site "Wellington"]
[Date "2011.04.25"]
[Round "8"]
[White "Smith, Robert Wayne"]
[Black "Burns, Christopher John"]
[Result "1-0"]
[WhiteElo "2263"]
[BlackElo "2054"]
[PlyCount "73"]
[EventDate "2011.04.22"]
[EventType "swiss"]
[EventRounds "8"]
[EventCountry "NZL"]
[SourceTitle "EXT 2018"]
[Source "ChessBase"]
[SourceDate "2017.10.13"]
[SourceVersion "1"]
[SourceVersionDate "2017.10.13"]
[SourceQuality "1"]

1. d4 d5 2. Nf3 Nf6 3. c4 dxc4 4. Qa4+ Nc6 5. e3 Bd7 6. Qxc4 e5 7. Nxe5 Nxe5 8. dxe5 Ng4 9. Qe4 Be7 10. Be2 h5 11. Qxb7 Rb8 12. Qe4 Rb4 13. Qc2 Nxe5 14. Bd2 Rb6 15. Bc3 Bf6 16. Nd2 Qa8 17. Nf3 Ng4 18. Bxf6 Rxf6 19. h3 Nh6 20. Qxc7 Rc6 21. Qe5+ Re6 22. Qc5 Qb8 23. 0-0 Ng8 24. Bc4 Re7 25. b4 Rh6 26. b5 Nf6 27. Bd3 Ng4 28. Rfc1 Rd6 29. Qxh5 Kd8 30. Bf1 Rh6 31. Qc5 Ne5 32. Nxe5 Rxe5 33. Qf8+ Re8 34. Qxg7 Rg6 35. Qxf7 Reg8 36. Rd1 Qb7 37. Qd5 1-0

[Event "Gordon Hoskyn Memorial"]
[Site "Palmerston North"]
[Date "2009.08.29"]
[Round "4"]
[White "Burns, Christopher John"]
[Black "Ker, Anthony F"]
[Result "0-1"]
[WhiteElo "2004"]
[BlackElo "2345"]
[PlyCount "80"]
[EventDate "2009.08.29"]
[EventType "swiss (rapid)"]
[EventRounds "6"]
[EventCountry "NZL"]
[SourceTitle "EXT 2018"]
[Source "ChessBase"]
[SourceDate "2017.10.13"]
[SourceVersion "1"]
[SourceVersionDate "2017.10.13"]
[SourceQuality "1"]

1. e4 d6 2. d4 Nf6 3. Nc3 g6 4. f4 Bg7 5. Nf3 c5 6. Bb5+ Bd7 7. e5 Ng4 8. e6 Bxb5 9. exf7+ Kd7 10. Nxb5 Qa5+ 11. Nc3 cxd4 12. Nxd4 Bxd4 13. Qxd4 Nc6 14. Qc4 Qb6 15. Qe2 h5 16. h3 Nh6 17. Bd2 Nf5 18. 0-0-0 Ng3 19. Qd3 Nxh1 20. Qxg6 Qd4 21. Rxh1 Qf6 22. Qe4 Qxf7 23. Re1 Rhg8 24. f5 Raf8 25. g4 hxg4 26. hxg4 Re8 27. b4 e6 28. b5 Nd8 29. b6 axb6 30. Qd4 exf5 31. Rxe8 Rxe8 32. Qxb6 fxg4 33. Nb5 Qd5 34. Qc7+ Ke6 35. Bc3 Qxb5 36. Qg7 Qf1+ 37. Kb2 Qf5 38. Qh6+ Kd7 39. Qh1 Qb5+ 40. Kc1 Rf8 0-1

[Event "Nelson op"]
[Site "Nelson"]
[Date "2007.10.06"]
[Round "8"]
[White "Wastney, Scott C"]
[Black "Burns, Christopher John"]
[Result "1-0"]
[WhiteElo "2281"]
[BlackElo "2033"]
[PlyCount "69"]
[EventDate "2007.10.03"]
[EventType "swiss"]
[EventRounds "9"]
[EventCountry "NZL"]
[SourceTitle "CBM 120 Extra"]
[Source "ChessBase"]
[SourceDate "2007.11.01"]
[SourceVersion "1"]
[SourceVersionDate "2007.11.01"]
[SourceQuality "1"]

1. e4 e5 2. Nf3 Nf6 3. Nc3 Nc6 4. a3 d5 5. Bb5 Nxe4 6. 0-0 Nxc3 7. dxc3 e4 8. Ne5 Qd6 9. Bf4 Bd7 10. Bxc6 Bxc6 11. Qd4 Be7 12. Nxc6 Qxc6 13. Rad1 0-0-0 14. Qxa7 Bc5 15. Qa5 Bb6 16. Qb4 Rd7 17. a4 Qc5 18. Qb3 Qc4 19. Qa3 Re8 20. a5 Ba7 21. Be3 c5 22. Rfe1 d4 23. Bf4 Rd5 24. cxd4 cxd4 25. Qh3+ f5 26. b3 Qc6 27. c4 Rxa5 28. b4 Ra2 29. Qxf5+ Qe6 30. Qxh7 e3 31. fxe3 dxe3 32. c5 Bb8 33. Rxe3 Rxg2+ 34. Kxg2 Qg4+ 35. Bg3 1-0

[Event "Nelson op"]
[Site "Nelson"]
[Date "2007.10.03"]
[Round "1"]
[White "Burns, Christopher John"]
[Black "Ward, Simon"]
[Result "1-0"]
[WhiteElo "2033"]
[BlackElo "1745"]
[PlyCount "55"]
[EventDate "2007.10.03"]
[EventType "swiss"]
[EventRounds "9"]
[EventCountry "NZL"]
[SourceTitle "CBM 120 Extra"]
[Source "ChessBase"]
[SourceDate "2007.11.01"]
[SourceVersion "1"]
[SourceVersionDate "2007.11.01"]
[SourceQuality "1"]

1. e4 e5 2. Nf3 Nc6 3. d4 exd4 4. Nxd4 Nge7 5. Nc3 Nxd4 6. Qxd4 Nc6 7. Qe3 d6 8. Be2 g6 9. Bd2 Bg7 10. 0-0-0 Be6 11. f4 Bd4 12. Qd3 Qf6 13. g4 0-0-0 14. g5 Qg7 15. f5 gxf5 16. exf5 Bd7 17. h4 f6 18. Rhf1 Be5 19. Kb1 Rde8 20. Bf3 Kb8 21. Nd5 Ne7 22. gxf6 Bxf6 23. Nxc7 Kxc7 24. Ba5+ Kb8 25. Qxd6+ Ka8 26. Qxd7 Nc6 27. Bxc6 bxc6 28. Qxc6+ 1-0

[Event "NZL-ch 0607"]
[Site "Wanganui"]
[Date "2007.01.08"]
[Round "7"]
[White "Smith, Robert Wayne"]
[Black "Burns, Christopher John"]
[Result "1-0"]
[WhiteElo "2293"]
[BlackElo "2017"]
[PlyCount "49"]
[EventDate "2007.01.02"]
[EventType "tourn"]
[EventRounds "11"]
[EventCountry "NZL"]
[SourceTitle "CBM 116 Extra"]
[Source "ChessBase"]
[SourceDate "2007.03.07"]
[SourceVersion "1"]
[SourceVersionDate "2007.03.07"]
[SourceQuality "1"]

1. d4 d5 2. Nf3 Nf6 3. c4 dxc4 4. Qa4+ Nc6 5. Qxc4 e6 6. Bg5 Be7 7. Nc3 h6 8. Bxf6 Bxf6 9. e3 0-0 10. Be2 Qe8 11. Rc1 a6 12. 0-0 Bd8 13. Ne5 Nxe5 14. dxe5 b5 15. Qe4 Rb8 16. Bd3 g6 17. Qf4 Kg7 18. Ne4 g5 19. Qf3 Bb7 20. Rxc7 Bd5 21. Rfc1 Rh8 22. Ra7 Rb6 23. Qh5 Bxe4 24. Bxe4 Qf8 25. Qg6# 1-0

[Event "NZL-ch 0607"]
[Site "Wanganui"]
[Date "2007.01.06"]
[Round "5"]
[White "Steadman, Michael VR"]
[Black "Burns, Christopher John"]
[Result "1/2-1/2"]
[WhiteElo "2265"]
[BlackElo "2017"]
[PlyCount "82"]
[EventDate "2007.01.02"]
[EventType "tourn"]
[EventRounds "11"]
[EventCountry "NZL"]
[SourceTitle "CBM 116 Extra"]
[Source "ChessBase"]
[SourceDate "2007.03.07"]
[SourceVersion "1"]
[SourceVersionDate "2007.03.07"]
[SourceQuality "1"]

1. d4 d5 2. c4 dxc4 3. Nf3 a6 4. a4 Nc6 5. e3 Bg4 6. Bxc4 e6 7. 0-0 Nf6 8. Nc3 Bd6 9. Be2 h6 10. Qb3 Rb8 11. Rd1 Qe7 12. h3 Bh5 13. Bd2 0-0 14. d5 exd5 15. Nxd5 Nxd5 16. Qxd5 Bg6 17. Bc3 Rbd8 18. Qb3 Be4 19. Rd2 a5 20. Qb5 b6 21. Qh5 Bb4 22. Nd4 Bxc3 23. bxc3 Ne5 24. f4 Ng6 25. Rad1 Qf6 26. Bf3 Rd5 27. f5 Bxf3 28. Qxf3 Ne7 29. e4 Rc5 30. Qg3 Rd8 31. Nb5 Rxd2 32. Rxd2 c6 33. Qb8+ Kh7 34. Rd8 g6 35. Qxb6 Qe5 36. Rd5 Rxd5 37. exd5 Qe1+ 38. Kh2 Qe5+ 39. Kg1 Qe1+ 40. Kh2 Qe5+ 41. Kg1 Qe1+ 1/2-1/2

[Event "NZL-ch 0607"]
[Site "Wanganui"]
[Date "2007.01.04"]
[Round "3"]
[White "Dive, Russell John"]
[Black "Burns, Christopher John"]
[Result "1-0"]
[WhiteElo "2350"]
[BlackElo "2017"]
[PlyCount "111"]
[EventDate "2007.01.02"]
[EventType "tourn"]
[EventRounds "11"]
[EventCountry "NZL"]
[SourceTitle "CBM 116 Extra"]
[Source "ChessBase"]
[SourceDate "2007.03.07"]
[SourceVersion "1"]
[SourceVersionDate "2007.03.07"]
[SourceQuality "1"]

1. Nf3 d5 2. g3 c5 3. Bg2 g6 4. c4 d4 5. b4 cxb4 6. a3 Bg7 7. d3 bxa3 8. 0-0 h5 9. Nbd2 Nh6 10. Bxa3 Nc6 11. Ra2 Rb8 12. Qa1 0-0 13. Rb1 Nf5 14. Ne1 Qc7 15. Ne4 b6 16. Nc2 a5 17. Bc1 Be5 18. Bd2 h4 19. Rab2 hxg3 20. hxg3 Kg7 21. Be1 Rh8 22. Qa3 Nd6 23. c5 Nxe4 24. Bxe4 bxc5 25. Qxc5 Rxb2 26. Rxb2 Bd7 27. Rb5 Bd6 28. Qb6 Rb8 29. Qxc7 Bxc7 30. Bxc6 Bxc6 31. Rc5 Rb6 32. Bxa5 Rb1+ 33. Be1 Ba4 34. Rxc7 Bxc2 35. Kf1 Bb3 36. Rxe7 Be6 37. f3 Kf6 38. Ra7 Ke5 39. Kf2 Rb2 40. Ba5 Kd5 41. Bd8 Ke5 42. Ra5+ Kd6 43. Ra4 Kd5 44. Bf6 Bd7 45. Rxd4+ Ke6 46. Rxd7 Kxf6 47. Ke3 Rb6 48. Kf4 Re6 49. e4 Rb6 50. d4 Ke6 51. Ra7 f6 52. d5+ Kd6 53. Rg7 g5+ 54. Kf5 Rb3 55. Kg4 Rb4 56. Rf7 1-0